000
00334 a2200157 4500
001
184441
020
_a
85-88017-06-7
040
_c
Magnum
100
_a
Aquino, Eduardo
240
1
0
_a
Tião vermelhão
_l
por
245
1
0
_a
Tião vermelhão
300
_a
72
362
0
_a
2000
697
_a
LITERATURA INFANTO-JUVENIL
942
_c
BK
999
_c
184441
_d
184441